| 000 | 00385nam a2200157Ia 4500 | ||
|---|---|---|---|
| 008 | 210716s2007 xx 000 0 und d | ||
| 020 | _a81259240 | ||
| 041 | _aeng | ||
| 082 | _a332.1 MACH | ||
| 100 | _aMachiraju, H R. | ||
| 245 | _aIndian financial system. | ||
| 250 | _a3 | ||
| 260 |
_aNew Delhi _bVikas publishing house pvt ltd. _c2007 |
||
| 300 | _axv,392 | ||
| 650 | _aFinance | ||
| 999 |
_c202589 _d202589 |
||